| 000 | 00481nam a2200193Ia 4500 | ||
|---|---|---|---|
| 005 | 20250508151053.0 | ||
| 008 | 008 250505s9999 xx 000 0 eng d | ||
| 037 | _aTextual | ||
| 040 |
_aFEDL _beng _cFEDL |
||
| 041 |
_aeng _2eng |
||
| 084 |
_a535, PAR _qFEDL |
||
| 100 | _aParker Bertha Morris | ||
| 245 | 0 | _aLight | |
| 260 | _c1949 | ||
| 300 | _a35p | ||
| 490 | _aThe basic science education series | ||
| 942 |
_cTEXL _h535, PAR |
||
| 999 |
_c1327409 _d1327409 |
||